| 000 | 00404nam a22001457a 4500 | ||
|---|---|---|---|
| 005 | 20180129131135.0 | ||
| 008 | 180129b xxu||||| |||| 00| 0 eng d | ||
| 040 | _cPK-LaUMT | ||
| 082 |
_aPKAC 297.082 _bNAE-A |
||
| 100 | _aNaeem Siddiqi | ||
| 245 |
_aAurat : maaraz Kashmakash mein/ _cNaeem Siddiqi |
||
| 260 |
_aلاہور: _bادارہ معارف اسلامی، _c1993 |
||
| 300 | _a408 | ||
| 942 | _cBK | ||
| 999 |
_c102403 _d102403 |
||